Marco Ricci (Record no. 91309)
[ view plain ]
| 000 -LEADER | |
|---|---|
| fixed length control field | 01274nam a2200313Ia 4500 |
| 001 - CONTROL NUMBER | |
| control field | H9960 |
| 003 - CONTROL NUMBER IDENTIFIER | |
| control field | IT-RoPAU |
| 008 - FIXED-LENGTH DATA ELEMENTS--GENERAL INFORMATION | |
| fixed length control field | 130308s9999 xx 000 0 und d |
| 040 ## - CATALOGING SOURCE | |
| Original cataloging agency | IT-RoPAU |
| 040 ## - CATALOGING SOURCE | |
| Transcribing agency | IT-RoPAU |
| 041 ## - LANGUAGE CODE | |
| Language code of text/sound track or separate title | ITALIANO |
| 100 ## - MAIN ENTRY--PERSONAL NAME | |
| Personal name | Pilo Giuseppe Maria |
| 100 ## - MAIN ENTRY--PERSONAL NAME | |
| Miscellaneous information | Codice Aut. SPICS: 2562 |
| 245 ## - TITLE STATEMENT | |
| Title | Marco Ricci |
| 245 ## - TITLE STATEMENT | |
| Remainder of title | Marco Ricci |
| 250 ## - EDITION STATEMENT | |
| Edition statement | 1a ed. |
| 260 ## - PUBLICATION, DISTRIBUTION, ETC. (IMPRINT) | |
| Place of publication, distribution, etc. | VENEZIA |
| 260 ## - PUBLICATION, DISTRIBUTION, ETC. (IMPRINT) | |
| Name of publisher, distributor, etc. | Alfieri Edizioni D'Arte |
| 260 ## - PUBLICATION, DISTRIBUTION, ETC. (IMPRINT) | |
| Date of publication, distribution, etc. | 1964 [1° Ed.:1964 - Ed.Ling.Originale:1964] |
| 300 ## - PHYSICAL DESCRIPTION | |
| Extent | "340 p. (prefazione: 70; testo: 270 [pagine: 0-0])" |
| 500 ## - GENERAL NOTE | |
| General note | "Mostra Tenutasi nel palazzo sturm di Bassano del Grappa dal 1 settembre Alnovembre 1963. Introduzione a Marco Ricci. Caratteri di Marco Ricci. Regesto. Cataloghi. Precedenti. Marco Ricci: Dipinti a Olio, Tempere, Disegni, Acqueforti. 231 Illustrazioni con Scheda. Grandi Eredi ed Epigoni: Canaletto; Giuliano Giampiccoli; Davide Antonio Fossati; Joseph Goupy; Jean Baptisteclaude Chatelain; John Baptist Jackson; Francesco Guardi; Giambattista Piranesi. Bibliografia." |
| 650 ## - SUBJECT ADDED ENTRY--TOPICAL TERM | |
| Topical term or geographic name as entry element | AUTORI/OPERE DI PITTURA |
| 650 ## - SUBJECT ADDED ENTRY--TOPICAL TERM | |
| Relator term | Codice materia Spics: 5207 |
| 700 ## - ADDED ENTRY--PERSONAL NAME | |
| Personal name | Pallucchini Rodolfo |
| 700 ## - ADDED ENTRY--PERSONAL NAME | |
| Miscellaneous information | Codice Aut. SPICS: 2937 |
| 942 ## - ADDED ENTRY ELEMENTS (KOHA) | |
| Koha item type | LIBRO |
| 957 ## - | |
| -- | 1 |
| 999 ## - SYSTEM CONTROL NUMBERS (KOHA) | |
| -- | 1 |
| Withdrawn status | Lost status | Damaged status | Not for loan | Home library | Current library | Date acquired | Total Checkouts | Full call number | Date last seen | Price effective from | Koha item type | Public note |
|---|---|---|---|---|---|---|---|---|---|---|---|---|
| Buone Condizioni | Not For Loan | SPICS-MEDIATECA | SPICS-MEDIATECA | 08/03/2013 | H9960 | 08/03/2013 | 08/03/2013 | LIBRO | Progressivo inserimento: 24320 / N. Volumi: 1 Copie: 1 / data import: 1 marzo 2013 - By Epidotti, Trombetti, Vaglietti. |